header

Access to care and factors that impact access, patients as partners in care and changing roles of health providers (Record no. 119942)

MARC details
000 -LEADER
fixed length control field 01678nam a2200349 a 4500
245 00 - TITLE STATEMENT
Title Access to care and factors that impact access, patients as partners in care and changing roles of health providers
250 ## - EDITION STATEMENT
Edition statement 1st ed.
260 ## - PUBLICATION, DISTRIBUTION, ETC. (IMPRINT)
Place of publication Bingley [England] :
Name of publisher Emerald Insight,
Year of publication 2011.
300 ## - PHYSICAL DESCRIPTION
Number of Pages xi, 297 p. :
Other physical details ill. (some col.).
490 1# - SERIES STATEMENT
Series statement Research in the sociology of health care,
505 0# - FORMATTED CONTENTS NOTE
Formatted contents note section 1. Systems of health-care delivery and sociological issues -- section 2. Providers of care -- section 3. Patients as consumers of health-care services -- section 4. Health-care systems : modifications and reforms.
650 #0 - SUBJECT ADDED ENTRY--TOPICAL TERM
Topical Term Health services accessibility.
Topical Term Medical personnel and patient.
Topical Term Medical care.
700 1# - ADDED ENTRY--PERSONAL NAME
Personal name Kronenfeld, Jennie J.
856 40 - ELECTRONIC LOCATION AND ACCESS
Uniform Resource Identifier http://site.ebrary.com/lib/rucke/Doc?id=10512338

No items available.

© 2026 Rongo University
Contact us: librarian | system librarian | Rongo university